La infiltración nazi-fascista en la Argentina /
Guardado en:
| Autor Principal: | |
|---|---|
| Formato: | Libro |
| Idioma: | Undetermined |
| Publicado: |
Buenos Aires :
Ediciones Sociales Argentinas,
1939.
|
| Materias: | |
| Etiquetas: |
Agregar Etiqueta
Sin Etiquetas, Sea el primero en etiquetar este registro!
|
| LEADER | 00462nam a22001335a 4500 | ||
|---|---|---|---|
| 001 | EHU.bham047450 | ||
| 005 | 20110630104635.0 | ||
| 008 | 110630s1939####ag############000#0#und#d | ||
| 100 | 1 | |a Dickmann, Enrique. | |
| 245 | 0 | 0 | |a La infiltración nazi-fascista en la Argentina / |c Enrique Dickmann. |
| 260 | |a Buenos Aires : |b Ediciones Sociales Argentinas, |c 1939. | ||
| 300 | |a 136 p. | ||
| 653 | |a Nazi-fascismo | ||
| 859 | |a AR-BHAM |b BIB. HUMANIDADES - Donacion Lejarraga |h MFN001669 |p 001669.19 | ||
